| 000 | 01116nam a2200217 i 4500 | ||
|---|---|---|---|
| 001 | 70556 | ||
| 003 | ES-MaACL | ||
| 005 | 20250907063047.0 | ||
| 007 | t| | ||
| 008 | 040728s1802 sp ||||1| spa d | ||
| 100 | 1 |
_aGarcía de Villanueva, Manuel, _dm. 1803 _9142609 |
|
| 245 | 1 | 0 |
_aOrigen, epocas y progresos del teatro español : _bdiscurso historico al que acompaña un resumen de los espectaculos, fiestas y recreaciones que desde la mas remota antigüedad se usaron... y un compendio de la historia general de los teatros... / _cpor Manuel García de Villanueva Hugalde y Parra... |
| 260 |
_aEn Madrid : _ben la Imprenta de Don Gabriel de Sancha : _bse hallará en las librerías de Sancha... y del Príncipe de Quiroga... y de Castillo, _c1802. |
||
| 300 |
_aXXX, 342 p. ; _c21 cm. |
||
| 530 | _aDisponible en formato digital. | ||
| 650 | 4 |
_aTeatro- _zEspaña- _xHistoria. _917302 |
|
| 650 | 7 |
_aTeatro- _zEuropa _2 _9163539 |
|
| 852 | 4 |
_a BA _jR-2882 _x Olim:G-2835 |
|
| 856 |
_uhttp://bdh-rd.bne.es/viewer.vm?id=0000092027&page=1 _zBiblioteca Digital Hispánica |
||
| 999 |
_c70556 _d70556 |
||